Indexing from A to Z
Αποθηκεύτηκε σε:
| Κύριος συγγραφέας: | |
|---|---|
| Μορφή: | Βιβλίο |
| Γλώσσα: | English |
| Δημοσίευση: |
New York :
H.W. Wilson,
1995
|
| Έκδοση: | 2nd ed., rev. and enl. |
| Θέματα: | |
| Ετικέτες: |
Προσθήκη ετικέτας
Δεν υπάρχουν, Καταχωρήστε ετικέτα πρώτοι!
|
MARC
| LEADER | 00000nam a2200000 i 4500 | ||
|---|---|---|---|
| 001 | 1/88785 | ||
| 008 | 990825s1995 eng d | ||
| 020 | |a 0-8242-0882-X | ||
| 035 | |l 10052616 | ||
| 040 | |a GR-MY-UA |b gre |e aacr | ||
| 041 | 0 | |a eng | |
| 082 | 0 | |a 025.3 | |
| 100 | 1 | |a Wellisch, Hans H. | |
| 245 | 1 | 0 | |a Indexing from A to Z / |c Hans H. Wellisch |
| 250 | |a 2nd ed., rev. and enl. | ||
| 260 | |a New York : |b H.W. Wilson, |c 1995 | ||
| 300 | |a xxix, 569 σ.; |c 23 εκ. | ||
| 504 | |a Περιέχει βιβλιογραφικές παραπομπές (σ. [505]-523) και ευρετήριο | ||
| 650 | 0 | 0 | |a Indexing. |
| 852 | |a INST |b LESVOS |e 19990825 |h 025.3 WEL |p 005100019752 |q 005100019752 |t BK |y 0 | ||
| 901 | |a BIBL1-1999-2 | ||
| 909 | |a Λ |b 064803 | ||
| 922 | |a 1ΕΛΗ |b 199903 |c ΚΠΣ/ΚΥΒ |d LEADER | ||
| 950 | |a 023-1998-09-14 | ||
| 970 | |z 1999/09/07 |a ΜΟΥΣΤΑΚΑ |b ΠΗΝΕΛΟΠΗ | ||